[Event "Politiken Cup 24th"]
[Site "Copenhagen"]
[Date "2002.07.24"]
[Round "9"]
[White "Andersen, Esben"]
[Black "Baldursson, Rani"]
[Result "1/2-1/2"]
[WhiteElo "1690"]
[BlackElo "1426"]
[PlyCount "98"]
[EventDate "2002.07.15"]
[EventType "swiss"]
[EventRounds "11"]
[EventCountry "DEN"]
[SourceTitle "CBM 089 Extra"]
[Source "ChessBase"]
[SourceDate "2002.09.10"]
[SourceVersion "2"]
[SourceVersionDate "2002.09.10"]
[SourceQuality "1"]

1. c4 e5 2. Nc3 Nc6 3. g3 f5 4. Bg2 d6 5. d3 Nf6 6. f3 Be6 7. e4 Be7 8. Nge2 fxe4 9. fxe4 Qd7 10. 0-0 Bh3 11. Nd5 Bxg2 12. Kxg2 0-0-0 13. Nec3 Kb8 14. Be3 a6 15. Rb1 Rhf8 16. b4 Nxd5 17. Nxd5 Rxf1 18. Qxf1 Rf8 19. Qd1 Bd8 20. b5 axb5 21. Rxb5 Nd4 22. Rb2 Ne6 23. a4 c6 24. Nb4 Ba5 25. Qb3 Bxb4 26. Qxb4 c5 27. Qa3 Qf7 28. Rf2 Qd7 29. Ra2 Qf7 30. Rf2 Qd7 31. Rxf8+ Nxf8 32. h3 Ne6 33. a5 Qc6 34. Qa2 Ka7 35. Qf2 Qe8 36. Qb2 Qc6 37. Qf2 Qe8 38. Qf5 g6 39. Qf6 Qd7 40. Qf2 Qc7 41. Bd2 Nd4 42. h4 Nb3 43. Bc3 Nxa5 44. g4 Nc6 45. g5 Qd7 46. Kg3 Qe7 47. Qf6 Qd7 48. Qf2 Ne7 49. Qf8 Nc6 1/2-1/2

[Event "Politiken Cup 24th"]
[Site "Copenhagen"]
[Date "2002.07.23"]
[Round "8"]
[White "Rusanov, Alexander"]
[Black "Andersen, Esben"]
[Result "1/2-1/2"]
[WhiteElo "1429"]
[BlackElo "1690"]
[PlyCount "75"]
[EventDate "2002.07.15"]
[EventType "swiss"]
[EventRounds "11"]
[EventCountry "DEN"]
[SourceTitle "CBM 089 Extra"]
[Source "ChessBase"]
[SourceDate "2002.09.10"]
[SourceVersion "2"]
[SourceVersionDate "2002.09.10"]
[SourceQuality "1"]

1. e4 c6 2. d4 d5 3. exd5 cxd5 4. c4 dxc4 5. Bxc4 Nf6 6. Nc3 a6 7. Nf3 b5 8. Bb3 e6 9. d5 Bb4 10. Bg5 h6 11. Bxf6 Qxf6 12. 0-0 0-0 13. dxe6 Bxe6 14. Bxe6 Qxe6 15. Qd4 Nc6 16. Qd3 Rad8 17. Qc2 Qc4 18. Rac1 Rfe8 19. b3 Qxc3 20. Qxc3 Bxc3 21. Rxc3 Nb4 22. a3 Nd5 23. Rc6 Re6 24. Rxe6 fxe6 25. g3 Rc8 26. Re1 Kf7 27. Nd4 Re8 28. Rc1 e5 29. Nf5 Kf6 30. Nd6 Re6 31. Rc6 Ke7 32. Nf5+ Kf6 33. Rxe6+ Kxe6 34. Nxg7+ Kf6 35. Ne8+ Ke7 36. Ng7 Kf6 37. Nh5+ Kg5 38. Ng7 1/2-1/2